Législatives 2022 : Le poids du vote dans les départements - Statistiques

Statistiques générales
  • Ce quiz a été pris 259 fois
  • Le résultat moyen est 13 sur 30
Statistiques - réponses
Poids du vote fort Poids du vote moyen Poids du vote faible Département % Correct
0,991 Rhône
61%
1,398 Lozère
60%
1,813 Mayotte
54%
0,866 Gironde
53%
0,866 La Réunion
53%
0,815 Var
53%
1,623 Guyane
52%
1,444 Cantal
49%
0,791 Loire-Atlantique
45%
1,467 Corse-du-Sud
44%
1,473 Hautes-Alpes
44%
1,784 Territoire de Belfort
44%
1,003 Allier
43%
0,761 Landes
42%
0,824 Morbihan
42%
0,980 Ardèche
41%
1,009 Moselle
41%
1,404 Ariège
40%
1,007 Indre
40%
0,867 Ille-et-Vilaine
39%
0,841 Tarn
39%
0,759 Vendée
38%
1,316 Jura
37%
0,805 Charente-Maritime
36%
1,019 Somme
36%
1,015 Vaucluse
35%
1,019 Meurthe-et-Moselle
33%
1,347 Ardennes
32%
0,993 Maine-et-Loire
32%
1,016 Sarthe
32%
Aucun quiz correspondant
Distribution des résultats
% des personnes avec chaque résultat
Percentile par nombre de réponses
Votre historique - résultats
Vous n’avez pas pris ce quiz